000 00521nam a2200169Ia 4500
999 _c21608
_d21608
003 OSt
005 20200615111316.0
008 190216s9999||||xx |||||||||||||| ||und||
020 _a9789380031750
040 _coclc
082 _a305.420954
_bPRA/W
100 _aPradhan, Krishna Chandra
_92878
245 0 _aWomen And Social Change /
_cKrishna Chandra Pradhan
260 _bAbhijeet Publications,
_c2010.
_aNew Delhi:
300 _a168p
942 _cBK
_2ddc
_h305.420954
_iPRA/W
_k305.420954
_mPRA/W